| 000 | 00594nam a2200193 4500 | ||
|---|---|---|---|
| 005 | 20251216121756.0 | ||
| 008 | 251125b |||||||| |||| 00| 0 eng d | ||
| 020 | _a978-93-5696-703-8 | ||
| 041 | _aEng | ||
| 082 |
_24th/ RP2025 _aP 610.7362 SHA _bB11822 |
||
| 100 |
_aSharma, Rimple _9215531 |
||
| 245 | _aEssentials of Pediatric Nursing sem V and VI | ||
| 250 | _a4th/RP2025 | ||
| 260 |
_aNew Delhi _bJaypee Brothers Medical Publisher _c2024 |
||
| 300 |
_axxi,570p _bpb _c26x20.5cm |
||
| 365 |
_aRupaye _b895 _cINR |
||
| 521 | _aEssentials of Pediatric Nursing Sem V and VI | ||
| 942 | _cBK | ||
| 999 |
_c369161 _d369161 |
||